00249nam a2200109Ia 4500008004100000100003100041245002000072260000900092650001400101942000700115999001700122190216s9999||||xx |||||||||||||| ||und|| aKannampuzha Krishna Varier 0aKanchana Soudam bNull aKavithkal cBK c24130d24130